000 01046nam a22002537a 4500
005 20170124102954.0
010 _a528466
020 _c12.00
035 _a528466
037 _bCen Lib/Ret
040 _aDPL
_bHN
082 _a820.8
_bराजगो
100 _aराजगोपालन, माधवी
_942803
245 _aमहादेवी और उनकी गद्य रचनाएं /
_cमाधवी राजगोपालन
246 _aMahadevi aur unki gadye rachanen /
_bby Madhvi Rajgopalan
260 _aआगरा
_bरंजन प्रकाशन
_c1968
270 _bआगरा
300 _a148पृ.
_c20सेमी (सजिल्द)
650 _aहिन्दी -- साहित्य
_952702
650 _aहिन्दी -- महादेवी -- आलोचनात्मक गद्य
_952703
650 _aHindi -- literature
_952704
650 _aHindi - Mahadevi - critical prose
_952705
942 _2ddc
_cHN
_h820.8
_mराजगो
999 _c113536
_d113536